Revista de Derecho Civil Valenciano

Detalles Bibliográficos
Autor Corporativo: Universidad de Valencia. Departamento de Derecho Civil
Formato: Desconocido
Lenguaje:español
Publicado: Valencia : [Universidad de Valencia, Departamento de Derecho Civil]
Materias:
Acceso en línea:Acceso restringido

MARC

LEADER 00000ny a22000003n 4500
005 20110509125417.0
008 081212n sp fr s 000 a0spa c
022 |a 1886-1490 
035 |a 2345 
040 |a UMA.RE  |d vlex 
080 |a 347(467.3)(051)(0.034) 
090 |c 1446  |d 1446 
245 3 0 |a Revista de Derecho Civil Valenciano  |h [Recurso electrn̤ico] 
256 |a Servicio en ln̕ea 
260 |a Valencia :  |b [Universidad de Valencia, Departamento de Derecho Civil] 
310 |a Semestral 
506 1 |a Contenido solo disponible en los productos indicados  |d vLex Global  |d vLex Global (Academic Edition, excluding Law Schools)  |d vLex Global (U.S. Academic Edition, Law Schools)  |d vLex Global (U.S. Academic Edition, excluding Law Schools)  |d vLex Global (Academic Edition, Law Schools) 
650 |a Civil  |2 Tesauro vLex 
650 |a Derecho foral de valencia  |2 Tesauro vLex 
710 2 |a Universidad de Valencia.  |b Departamento de Derecho Civil 
740 0 |a vLex Revista (Servicios en ln̕ea) 
853 |8 1  |i (year)  |j (month)  |k (day) 
856 4 0 |u http://vlex.com/source/2345  |z Acceso restringido 
942 |c REV